000 00595nam a2200205Ia 4500
005 20250508170211.0
008 008 250505s9999 xx 000 0 eng d
020 _a978-1-3499-6060-6
037 _aTextBook
040 _aFEDL
_beng
_cFEDL
041 _aeng
_2eng
084 _a371.9, RAJ/R
_qFEDL
100 _aRajinder Kaur
245 0 _aSpecial and inclusive school education: Development and promotion
260 _aNew Delhi, India
_bKanishka Publishers
_c2022
300 _avi, 350p.
365 _aINR
_b1995
942 _cTB
_h371.9, RAJ/R
999 _c1399756
_d1399756